000 00556nam a2200241 a 4500
001 nice12345678
003 IN_TiNIC
005 20260116013754.0
008 050524s1998 dela grp 000 0 eng
020 _a
_c90
082 0 0 _a340.59
_bWAL
100 _aWaliullah, Shah
245 _aFiqh-E-Omar
260 _aDelhi
_bIslamic Book Service
_c1998
300 _a367p
500 _aincludes index and biblioraphy
505 2 _aNotes
650 _aIslamic-Law
700 1 _aWaliullah, Shah
902 _bSRS
942 _cBK
999 _c12412
_d12412